000 00703nam a2200289Ia 4500
005 20260324120939.0
008 008 260324s9999 xx 000 0 eng d
020 _a9781315879833
037 _aEBOOK
040 _aCRL
040 _beng
040 _cCRL
041 _2eng
041 _aeng
084 _qCRL
100 _aColin Murray Parkes
_91160175
245 0 _aResponses to Terrorism
245 0 _bCan psychosocial approaches break the cycle of violence?
260 _bTaylor and Francis
260 _c2014
365 _a
365 _b160
856 _uhttp://www.taylorfrancis.com/books/9781315879833
942 _cEBOOK
999 _c1752395
_d1752395